00597 2200217 4500001002100000005001700021008004100038035002400079040001400103082000800117084001400125090001400139100001800153245009400171260001800265650002400283990001800307990001800325990001800343990001800361INLIS00000000000005520151026101339.0  0010-101500000000010 aNUPBUNLOB a398 a398 Rah c a398 Rah c aMB. Rahimsyah aCerita Rakyat kalimatan timur:bAsal mula balikpapan, kutuk sang pemahat, si gadis sakti. asl:bsn,csa. afiksi/cerita rakyat a12.541/sum/07 a12664/PN/2015 a12665/PN/2015 a12666/PN/2015